|
|
|
|
| LEADER |
01387nam a2200373Ia 4500 |
| 001 |
EBC438341 |
| 003 |
MiAaPQ |
| 005 |
20200520144314.0 |
| 006 |
m o d | |
| 007 |
cr cn||||||||| |
| 008 |
080207s2008 enka sb 001 0 eng d |
| 010 |
|
|
|z 2008005948
|
| 020 |
|
|
|z 9780754673255 (alk. paper)
|
| 035 |
|
|
|a (MiAaPQ)EBC438341
|
| 035 |
|
|
|a (Au-PeEL)EBL438341
|
| 035 |
|
|
|a (CaPaEBR)ebr10250476
|
| 035 |
|
|
|a (CaONFJC)MIL176611
|
| 035 |
|
|
|a (OCoLC)567996590
|
| 040 |
|
|
|a MiAaPQ
|c MiAaPQ
|d MiAaPQ
|
| 050 |
|
4 |
|a HD66
|b .M335 2008
|
| 082 |
0 |
4 |
|a 658.4/022
|2 22
|
| 245 |
0 |
0 |
|a Macrocognition in teams
|h [electronic resource] :
|b theories and methodologies /
|c edited by Michael P. Letsky ... [et al.].
|
| 260 |
|
|
|a Aldershot, Hants, England ;
|a Burlington, VT :
|b Ashgate,
|c c2008.
|
| 300 |
|
|
|a xx, 424 p. :
|b ill.
|
| 490 |
1 |
|
|a Human factors in defence
|
| 504 |
|
|
|a Includes bibliographical references and index.
|
| 533 |
|
|
|a Electronic reproduction. Ann Arbor, MI : ProQuest, 2015. Available via World Wide Web. Access may be limited to ProQuest affiliated libraries.
|
| 650 |
|
0 |
|a Teams in the workplace.
|
| 650 |
|
0 |
|a Cognition.
|
| 655 |
|
4 |
|a Electronic books.
|
| 700 |
1 |
|
|a Letsky, Michael P.
|
| 710 |
2 |
|
|a ProQuest (Firm)
|
| 830 |
|
0 |
|a Human factors in defence.
|
| 856 |
4 |
0 |
|u https://ebookcentral.proquest.com/lib/matrademy/detail.action?docID=438341
|z Click to View
|